| 000 | 00464nam a2200145 a 4500 | ||
|---|---|---|---|
| 001 | 000026701 | ||
| 005 | 20200930030349.0 | ||
| 008 | 110324s1974 dr a 000 0 spa d | ||
| 040 |
_aDO-SdBNP _bspa _cBNPHU |
||
| 100 | 1 |
_aLizandro, Luis A. _953814 |
|
| 245 | 1 | 0 |
_aQuímica inorgánica : _btercero del bachiller, ( 5to. básico ) / _cLuis A. Lizandro. |
| 260 |
_aSanto Domingo : _beditora Amigo del Hogar, _c1974. |
||
| 300 |
_a243 P. : _bil. ; _c22 cm. |
||
| 049 | _aBNPD | ||
| 999 |
_c26193 _d26193 |
||